Исследование нагружений и деформаций горных анкеров как пространственно-криволинейных стержней и совершенствование их элементов: автореферат диссертации на соискание ученой степени кандидата технических наук

التفاصيل البيبلوغرافية
المؤلف الرئيسي: Мошкин Н. В. Николай Викторович
مؤلف مشترك: Сибирский государственный индустриальный университет (СибГИУ)
مؤلفون آخرون: Дворников Л. Т. Леонид Трофимович (научный руководитель)
الملخص:Заглавие с титульного экрана
Электронная версия печатной публикации
اللغة:الروسية
منشور في: Томск, 2004
الموضوعات:
الوصول للمادة أونلاين:http://www.lib.tpu.ru/fulltext/a/2004/31.pdf
التنسيق: الكتروني كتاب
KOHA link:https://koha.lib.tpu.ru/cgi-bin/koha/opac-detail.pl?biblionumber=72463

MARC

LEADER 00000nlm0a2200000 4500
001 72463
005 20231031083431.0
035 |a (RuTPU)RU\TPU\book\77270 
090 |a 72463 
100 |a 20050124d2004 k y0rusy50 ca 
101 0 |a rus 
102 |a RU 
105 |a a dm 001zy 
135 |a drbn ---uucaa 
181 0 |a i  
182 0 |a b 
200 1 |a Исследование нагружений и деформаций горных анкеров как пространственно-криволинейных стержней и совершенствование их элементов  |b Электронный ресурс  |e автореферат диссертации на соискание ученой степени кандидата технических наук  |f Н. В. Мошкин  |g Сибирский государственный индустриальный университет; науч. рук.: Л. Т. Дворников 
203 |a Текст  |c электронный 
210 |a Томск  |d 2004 
215 |a 1 файл (469 Kb) 
230 |a Электронные текстовые данные (1 файл : 469 Kb) 
300 |a Заглавие с титульного экрана 
300 |a Электронная версия печатной публикации 
337 |a Adobe Reader 
452 1 |0 (RuTPU)RU\TPU\book\76171  |t Исследование нагружений и деформаций горных анкеров как пространственно-криволинейных стержней и совершенствование их элементов  |o автореферат диссертации на соискание ученой степени кандидата технических наук  |o спец. 01.02.06  |f Н. В. Мошкин  |g Сибирский государственный индустриальный университет; Науч. рук. Л. Т. Дворников  |c Томск  |d 2004  |p 21 с.  |a Мошкин, Николай Викторович 
610 1 |a горное дело 
610 1 |a анкерные крепления 
610 1 |a горные анкеры 
610 1 |a стержни 
610 1 |a установки 
610 1 |a стационарные нагружения 
610 1 |a деформирование 
610 1 |a авторефераты диссертаций 
610 1 |a электронный ресурс 
675 |a 622.281.74(04)  |v 3 
686 |a 01.02.06  |2 oksvnk 
700 1 |a Мошкин  |b Н. В.  |g Николай Викторович 
702 1 |a Дворников  |b Л. Т.  |g Леонид Трофимович  |4 727 
712 0 2 |a Сибирский государственный индустриальный университет (СибГИУ)  |c (Новокузнецк)  |2 stltpush  |3 (RuTPU)RU\TPU\col\74 
801 1 |a RU  |b 63413507  |c 20050124  |g PSBO 
801 2 |a RU  |b 63413507  |c 20151113  |g PSBO 
856 4 |u http://www.lib.tpu.ru/fulltext/a/2004/31.pdf 
942 |c CF